[Event "Pereira Gildardo Garcia Memorial-A"]
[Site "Pereira"]
[Date "2022.05.22"]
[Round "9"]
[White "Buitrago, Juan Carlos"]
[Black "Diaz Herrera, Leider Andres"]
[Result "0-1"]
[WhiteElo "1955"]
[BlackElo "2012"]
[PlyCount "84"]
[EventDate "2022.05.18"]
[EventType "swiss"]
[EventRounds "10"]
[EventCountry "COL"]
[SourceTitle "CBM 208 Extra"]
[Source "ChessBase"]
[SourceDate "2022.07.31"]
[SourceVersion "1"]
[SourceVersionDate "2022.07.31"]
[SourceQuality "1"]

1. d4 Nf6 2. c4 e6 3. Nc3 Bb4 4. Qc2 b6 5. Bg5 Bb7 6. e3 h6 7. Bh4 0-0 8. Nf3 d6 9. Bd3 Nbd7 10. 0-0 Bxc3 11. bxc3 Qe7 12. Nd2 e5 13. f3 Rfe8 14. Rae1 a5 15. Re2 Rab8 16. Rfe1 Ba8 17. Nf1 g5 18. Bf2 e4 19. fxe4 Nxe4 20. Ng3 Nxg3 21. Bxg3 Be4 22. Bxe4 Qxe4 23. Qxe4 Rxe4 24. h3 Rbe8 25. Kf2 f5 26. c5 bxc5 27. Kf3 cxd4 28. exd4 Nf6 29. c4 Nh5 30. Bh2 g4+ 31. hxg4 fxg4+ 32. Kf2 g3+ 33. Bxg3 Rxe2+ 34. Rxe2 Rxe2+ 35. Kxe2 Nxg3+ 36. Kf3 Nf5 37. Ke4 Ne7 38. Kd3 Kf7 39. Kc3 Ke6 40. Kb3 Nf5 41. d5+ Kd7 42. Ka4 Ne3 0-1

[Event "Pereira Gildardo Garcia Memorial-A"]
[Site "Pereira"]
[Date "2022.05.20"]
[Round "6"]
[White "Avila Bautista, Roberto Al"]
[Black "Diaz Herrera, Leider Andres"]
[Result "1-0"]
[WhiteElo "2126"]
[BlackElo "2012"]
[PlyCount "41"]
[EventDate "2022.05.18"]
[EventType "swiss"]
[EventRounds "10"]
[EventCountry "COL"]
[SourceTitle "CBM 208 Extra"]
[Source "ChessBase"]
[SourceDate "2022.07.31"]
[SourceVersion "1"]
[SourceVersionDate "2022.07.31"]
[SourceQuality "1"]

1. Nf3 Nf6 2. c4 e6 3. g3 d5 4. b3 c5 5. Bg2 Nc6 6. 0-0 g6 7. cxd5 exd5 8. Bb2 Bg7 9. d4 Ne4 10. Na3 0-0 11. Nc2 Qa5 12. Qe1 Qa6 13. a3 Re8 14. Qc1 Na5 15. Qe3 Nd6 16. Qc3 Rxe2 17. Rae1 Ne4 18. Rxe2 Nxc3 19. Re8+ Bf8 20. Bxc3 c4 21. Rfe1 1-0

[Event "Pereira Gildardo Garcia Memorial-A"]
[Site "Pereira"]
[Date "2022.05.20"]
[Round "5"]
[White "Diaz Herrera, Leider Andres"]
[Black "Castro Castro, Joaquin"]
[Result "1-0"]
[WhiteElo "2012"]
[BlackElo "1660"]
[PlyCount "121"]
[EventDate "2022.05.18"]
[EventType "swiss"]
[EventRounds "10"]
[EventCountry "COL"]
[SourceTitle "CBM 208 Extra"]
[Source "ChessBase"]
[SourceDate "2022.07.31"]
[SourceVersion "1"]
[SourceVersionDate "2022.07.31"]
[SourceQuality "1"]

1. d4 Nf6 2. c4 b6 3. Nf3 Bb7 4. g3 c5 5. Bg2 cxd4 6. 0-0 g6 7. b3 Bg7 8. Bb2 0-0 9. Qxd4 d6 10. Nc3 Ne4 11. Qe3 Nxc3 12. Bxc3 Nd7 13. Rfd1 Re8 14. h4 Qc7 15. Rac1 Rac8 16. Qf4 Bxc3 17. Rxc3 Nf6 18. Qh6 Ng4 19. Qg5 Nf6 20. Rcd3 Qc5 21. Qf4 Kg7 22. Ng5 Bxg2 23. Kxg2 h6 24. Nf3 e5 25. Qe3 e4 26. Rd4 exf3+ 27. Qxf3 Re6 28. Kg1 Rce8 29. e3 h5 30. Qf4 Qe5 31. Rxd6 Qxf4 32. gxf4 Rxd6 33. Rxd6 Re7 34. Rc6 Rd7 35. c5 bxc5 36. Rxc5 Ng4 37. Rc2 Kf6 38. Kg2 Ke7 39. Kf3 Kd8 40. f5 Rd6 41. Kf4 gxf5 42. f3 Nf6 43. Rc5 Nd5+ 44. Ke5 Re6+ 45. Kxd5 Rxe3 46. f4 Re2 47. Ra5 Re7 48. Kd6 Re6+ 49. Kd5 Re7 50. Kc6 Rc7+ 51. Kd6 Rd7+ 52. Ke5 Ke7 53. Kxf5 Kf8 54. Kf6 Rd4 55. Kg5 Kg7 56. Rxa7 Rd5+ 57. f5 Rb5 58. Rc7 Ra5 59. a4 Rd5 60. b4 Rd4 61. f6+ 1-0

[Event "Pereira Gildardo Garcia Memorial-A"]
[Site "Pereira"]
[Date "2022.05.19"]
[Round "4"]
[White "Toro Castaneda, Elizabeth"]
[Black "Diaz Herrera, Leider Andres"]
[Result "1/2-1/2"]
[WhiteElo "1943"]
[BlackElo "2012"]
[PlyCount "112"]
[EventDate "2022.05.18"]
[EventType "swiss"]
[EventRounds "10"]
[EventCountry "COL"]
[SourceTitle "CBM 208 Extra"]
[Source "ChessBase"]
[SourceDate "2022.07.31"]
[SourceVersion "1"]
[SourceVersionDate "2022.07.31"]
[SourceQuality "1"]

1. e4 c5 2. Nf3 a6 3. g3 Nc6 4. Bg2 d6 5. d4 cxd4 6. Nxd4 Qb6 7. Nb3 Nf6 8. 0-0 Bg4 9. Qe1 g6 10. h3 Bd7 11. a4 Bg7 12. Na3 Qb4 13. Qxb4 Nxb4 14. Bd2 Nc6 15. Nc4 Be6 16. Nb6 Rb8 17. Bc3 0-0 18. Nd2 Nd7 19. Bxg7 Kxg7 20. Nxd7 Bxd7 21. Nc4 Nd4 22. Nb6 Bc6 23. c3 Nb3 24. Ra3 Nc5 25. e5 dxe5 26. b4 Nd7 27. Nxd7 Bxd7 28. Re1 Kf6 29. c4 Bc6 30. b5 axb5 31. cxb5 Bxg2 32. Kxg2 Rfd8 33. a5 Rd5 34. Rb1 Ra8 35. a6 bxa6 36. bxa6 Ra7 37. Kf3 Rd6 38. Rba1 h5 39. Ke3 Ke6 40. R1a2 f5 41. h4 Kf6 42. Ra5 e6 43. f4 e4 44. R5a3 Ke7 45. Ra1 Kd7 46. R1a2 Rd5 47. Ra1 Kc6 48. R1a2 Kb6 49. Ra1 Kc7 50. R1a2 Rd6 51. Ra1 Kb8 52. R1a2 Ka8 53. Ra1 Rad7 54. R1a2 Ra7 55. Ke2 Rad7 56. a7 Rd3 1/2-1/2

[Event "Pereira Gildardo Garcia Memorial-A"]
[Site "Pereira"]
[Date "2022.05.18"]
[Round "1"]
[White "Diaz Herrera, Leider Andres"]
[Black "Torres, Juan Camilo"]
[Result "0-1"]
[WhiteElo "2012"]
[BlackElo "2273"]
[PlyCount "62"]
[EventDate "2022.05.18"]
[EventType "swiss"]
[EventRounds "10"]
[EventCountry "COL"]
[SourceTitle "CBM 208 Extra"]
[Source "ChessBase"]
[SourceDate "2022.07.31"]
[SourceVersion "1"]
[SourceVersionDate "2022.07.31"]
[SourceQuality "1"]

1. Nf3 d5 2. b3 Nf6 3. Bb2 c5 4. g3 g6 5. Bg2 Bg7 6. 0-0 0-0 7. d3 Nc6 8. Re1 d4 9. c3 Nd5 10. c4 Nc7 11. Nbd2 Re8 12. Nf1 Bd7 13. Qd2 e5 14. e3 a5 15. exd4 cxd4 16. Ba3 h6 17. Re2 Na6 18. Ne1 Qb6 19. Nc2 f5 20. Bd6 Nd8 21. Ba3 Bc6 22. b4 Bxg2 23. Kxg2 axb4 24. Bxb4 Ne6 25. f3 e4 26. fxe4 fxe4 27. Rxe4 Ng5 28. Rae1 Nxe4 29. Rxe4 Rxe4 30. dxe4 d3 31. Ba3 Nb4 0-1

[Event "Medellin Flores op 23rd"]
[Site "Medellin"]
[Date "2016.08.07"]
[Round "9"]
[White "Diaz Herrera, Leider Andres"]
[Black "Salazar, Monica Maria"]
[Result "1-0"]
[WhiteElo "2007"]
[BlackElo "1903"]
[PlyCount "53"]
[EventDate "2016.08.03"]
[EventType "swiss"]
[EventRounds "9"]
[EventCountry "COL"]
[SourceTitle "CBM 173 Extra"]
[Source "ChessBase"]
[SourceDate "2016.08.29"]
[SourceVersion "1"]
[SourceVersionDate "2016.08.29"]
[SourceQuality "1"]

1. d4 d6 2. Nf3 Nf6 3. e3 g6 4. b3 Bg7 5. Bb2 0-0 6. c4 Nbd7 7. Be2 c6 8. 0-0 d5 9. cxd5 Nxd5 10. Qd2 N7f6 11. Bd3 Qb6 12. Ne5 Nb4 13. Nc4 Qb5 14. a4 Qg5 15. f4 Qh6 16. Qxb4 Ng4 17. h3 Nf6 18. Qc5 Nd5 19. Be4 Rd8 20. Qa5 b6 21. Qe1 c5 22. Nc3 Nxc3 23. Bxc3 cxd4 24. Bxd4 Rxd4 25. exd4 Bxd4+ 26. Kh2 Bxa1 27. Bxa8 1-0

[Event "Medellin Flores op 23rd"]
[Site "Medellin"]
[Date "2016.08.06"]
[Round "6"]
[White "Martinez, Cristian Camilo"]
[Black "Diaz Herrera, Leider Andres"]
[Result "0-1"]
[WhiteElo "1831"]
[BlackElo "2007"]
[PlyCount "98"]
[EventDate "2016.08.03"]
[EventType "swiss"]
[EventRounds "9"]
[EventCountry "COL"]
[SourceTitle "CBM 173 Extra"]
[Source "ChessBase"]
[SourceDate "2016.08.29"]
[SourceVersion "1"]
[SourceVersionDate "2016.08.29"]
[SourceQuality "1"]

1. e4 c5 2. Nf3 e6 3. d4 cxd4 4. Nxd4 a6 5. c4 Nf6 6. f3 Qc7 7. Be2 Bd6 8. g3 h5 9. Qd3 b6 10. Nc3 Bb7 11. Be3 Be7 12. 0-0-0 Nc6 13. Nxc6 dxc6 14. Qc2 Nd7 15. Kb1 0-0-0 16. Na4 b5 17. Rxd7 Rxd7 18. Nb6+ Kb8 19. Nxd7+ Qxd7 20. Bf4+ Ka8 21. Rd1 Qc8 22. c5 Rd8 23. Bd6 Bxd6 24. cxd6 f5 25. e5 c5 26. Qd2 Rd7 27. Qg5 Qe8 28. h3 c4 29. g4 hxg4 30. hxg4 fxg4 31. Qxg4 Qf7 32. Rh1 Bd5 33. Rd1 Bc6 34. Rd4 Kb7 35. f4 g6 36. Bf3 Rd8 37. Bxc6+ Kxc6 38. Qg2+ Kb6 39. a3 Qf5+ 40. Ka2 Qf7 41. Qg5 Rd7 42. Rd2 Qf5 43. Qg3 Qe4 44. Rg2 Rf7 45. Qxg6 Qd5 46. Kb1 Rxf4 47. Rg1 Qd4 48. Qg7 Ka5 49. Qc7+ Ka4 0-1

[Event "Medellin Flores op 23rd"]
[Site "Medellin"]
[Date "2016.08.04"]
[Round "2"]
[White "Henao Garcia, Estefania"]
[Black "Diaz Herrera, Leider Andres"]
[Result "0-1"]
[WhiteElo "1338"]
[BlackElo "2007"]
[PlyCount "48"]
[EventDate "2016.08.03"]
[EventType "swiss"]
[EventRounds "9"]
[EventCountry "COL"]
[SourceTitle "CBM 173 Extra"]
[Source "ChessBase"]
[SourceDate "2016.08.29"]
[SourceVersion "1"]
[SourceVersionDate "2016.08.29"]
[SourceQuality "1"]

1. e4 c5 2. Nf3 e6 3. d4 cxd4 4. Nxd4 a6 5. Nc3 Qc7 6. Be3 Bb4 7. Nde2 Nf6 8. Qd3 d5 9. 0-0-0 dxe4 10. Nxe4 Nd5 11. Bd4 0-0 12. Ng5 f5 13. g3 h6 14. Nf3 Nc6 15. Bg2 Rd8 16. Nh4 Bf8 17. Bxd5 Rxd5 18. Ng6 e5 19. Qc4 Be6 20. Nxf8 Rxf8 21. Bb6 Qxb6 22. Rxd5 Nb4 23. Rhd1 Nxd5 24. Rxd5 Qxf2 0-1

[Event "COL-ch Superate B"]
[Site "Colombia"]
[Date "2015.10.15"]
[Round "4.3"]
[White "Calderon Zuta, Nicolas"]
[Black "Diaz Herrera, Leider Andres"]
[Result "1/2-1/2"]
[WhiteElo "1750"]
[BlackElo "1960"]
[PlyCount "69"]
[EventDate "2015.10.15"]
[EventType "swiss (rapid)"]
[EventRounds "6"]
[EventCountry "COL"]
[SourceTitle "EXT 2024"]
[Source "ChessBase"]
[SourceDate "2023.10.10"]
[SourceVersion "1"]
[SourceVersionDate "2023.10.10"]
[SourceQuality "1"]

1. e4 c5 2. Nf3 e6 3. d4 cxd4 4. Nxd4 a6 5. Bd3 Nf6 6. 0-0 Qc7 7. Qe2 d6 8. Nc3 Nbd7 9. Be3 b5 10. h3 Bb7 11. a3 Nc5 12. f3 Be7 13. Rad1 0-0 14. Kh1 Rfd8 15. Bg1 Nh5 16. Bh2 Qb6 17. f4 Nf6 18. Nf3 b4 19. axb4 Qxb4 20. Rb1 Ncxe4 21. Nxe4 Bxe4 22. Ng5 Bxd3 23. Qxd3 h6 24. Nf3 Rdc8 25. Rfe1 Qc4 26. Qxc4 Rxc4 27. c3 Ne4 28. Nd4 d5 29. f5 exf5 30. Nxf5 Bc5 31. Bg1 Bf8 32. Rbd1 Rb8 33. Ne3 Ng3+ 34. Kh2 Ne4 35. Kh1 1/2-1/2

[Event "COL-ch Superate B"]
[Site "Colombia"]
[Date "2015.10.15"]
[Round "1.3"]
[White "Diaz Herrera, Leider Andres"]
[Black "Herrera C, Carlos Stiven"]
[Result "1-0"]
[WhiteElo "1960"]
[BlackElo "1500"]
[PlyCount "25"]
[EventDate "2015.10.15"]
[EventType "swiss (rapid)"]
[EventRounds "6"]
[EventCountry "COL"]
[SourceTitle "EXT 2024"]
[Source "ChessBase"]
[SourceDate "2023.10.10"]
[SourceVersion "1"]
[SourceVersionDate "2023.10.10"]
[SourceQuality "1"]

1. d4 d5 2. Bf4 Nc6 3. e3 e6 4. Nf3 Nf6 5. c4 Bb4+ 6. Nbd2 0-0 7. a3 Bxd2+ 8. Qxd2 Ne4 9. Qc2 Re8 10. b4 a6 11. b5 axb5 12. cxb5 Ne7 13. Bxc7 1-0

[Event "COL-ch Superate B"]
[Site "Colombia"]
[Date "2015.10.14"]
[Round "8.8"]
[White "Diaz Herrera, Leider Andres"]
[Black "Arias Umana, Fray Bernardo"]
[Result "1-0"]
[WhiteElo "2019"]
[BlackElo "1612"]
[PlyCount "41"]
[EventDate "2015.10.14"]
[EventType "swiss (blitz)"]
[EventRounds "12"]
[EventCountry "COL"]
[SourceTitle "EXT 2024"]
[Source "ChessBase"]
[SourceDate "2023.10.10"]
[SourceVersion "1"]
[SourceVersionDate "2023.10.10"]
[SourceQuality "1"]

1. Nf3 d5 2. d4 Nf6 3. Bf4 e6 4. e3 c5 5. c3 Nc6 6. Nbd2 Bd7 7. Bd3 c4 8. Bc2 b5 9. 0-0 a5 10. e4 dxe4 11. Nxe4 Nd5 12. Bg5 f6 13. Bd2 b4 14. Nh4 g6 15. Re1 Be7 16. Ng3 0-0 17. Nxg6 hxg6 18. Bxg6 Kg7 19. Bh6+ Kg8 20. Qg4 f5 21. Bh7+ 1-0

[Event "Medellin Flores op 22nd"]
[Site "Medellin"]
[Date "2015.08.07"]
[Round "4"]
[White "Corredor Castellanos, Camilo"]
[Black "Diaz Herrera, Leider Andres"]
[Result "1-0"]
[WhiteElo "1835"]
[BlackElo "2029"]
[PlyCount "43"]
[EventDate "2015.08.05"]
[EventType "swiss"]
[EventRounds "9"]
[EventCountry "COL"]
[SourceTitle "EXT 2016"]
[Source "ChessBase"]
[SourceDate "2015.10.08"]
[SourceVersion "1"]
[SourceVersionDate "2015.10.08"]
[SourceQuality "1"]

1. d4 d5 2. Bf4 c5 3. e3 Nc6 4. c3 Qb6 5. Qb3 c4 6. Qxb6 axb6 7. Nd2 Bf5 8. e4 dxe4 9. Bxc4 Rc8 10. Ne2 Bd7 11. Nxe4 e5 12. dxe5 Nxe5 13. Bxe5 Rxc4 14. f3 Nh6 15. 0-0 f6 16. Bf4 Nf7 17. b3 Rc8 18. Rad1 Be7 19. Rfe1 Ra8 20. Nd6+ Bxd6 21. Bxd6 Rxa2 22. Nc1+ 1-0

[Event "Medellin Flores op 22nd"]
[Site "Medellin"]
[Date "2015.08.07"]
[Round "5"]
[White "Diaz Herrera, Leider Andres"]
[Black "Gomez Guardo, Laura Melissa"]
[Result "1-0"]
[WhiteElo "2029"]
[BlackElo "1894"]
[PlyCount "55"]
[EventDate "2015.08.05"]
[EventType "swiss"]
[EventRounds "9"]
[EventCountry "COL"]
[SourceTitle "EXT 2016"]
[Source "ChessBase"]
[SourceDate "2015.10.08"]
[SourceVersion "1"]
[SourceVersionDate "2015.10.08"]
[SourceQuality "1"]

1. d4 Nf6 2. Bf4 g6 3. e3 Bg7 4. Be2 d6 5. h3 Nbd7 6. Nf3 0-0 7. 0-0 b6 8. c4 Bb7 9. Nc3 Nh5 10. Bh2 Re8 11. Rc1 e5 12. Qc2 exd4 13. Nxd4 Nhf6 14. Bf3 Bxf3 15. Nxf3 Nc5 16. Nd5 a5 17. Rfd1 Nfe4 18. Nd4 Qd7 19. Nb5 Na6 20. f3 Nf6 21. Nbxc7 Nxd5 22. Nxd5 Qc6 23. e4 Rac8 24. Qb3 Qc5+ 25. Kh1 Nb4 26. Bg1 Qc6 27. Nxb4 axb4 28. Qxb4 1-0

[Event "Pan American-ch U18"]
[Site "Cali"]
[Date "2015.07.02"]
[Round "7"]
[White "Diaz Herrera, Leider Andres"]
[Black "Gonzalez Lopez, Nicolas Mateo"]
[Result "1/2-1/2"]
[WhiteElo "1997"]
[BlackElo "2002"]
[PlyCount "20"]
[EventDate "2015.06.28"]
[EventType "swiss"]
[EventRounds "9"]
[EventCountry "COL"]
[SourceTitle "EXT 2016"]
[Source "ChessBase"]
[SourceDate "2015.10.08"]
[SourceVersion "1"]
[SourceVersionDate "2015.10.08"]
[SourceQuality "1"]

1. d4 d5 2. Bf4 Nf6 3. e3 c5 4. c3 Nc6 5. Nd2 e6 6. Bd3 Bd6 7. Bg3 0-0 8. Ngf3 c4 9. Bc2 Qc7 10. Bh4 Be7 1/2-1/2

[Event "Pan American-ch U18"]
[Site "Cali"]
[Date "2015.06.28"]
[Round "1"]
[White "Diaz Herrera, Leider Andres"]
[Black "Gomez Sanchez, Jorge Marcos"]
[Result "0-1"]
[WhiteElo "1997"]
[BlackElo "2305"]
[PlyCount "106"]
[EventDate "2015.06.28"]
[EventType "swiss"]
[EventRounds "9"]
[EventCountry "COL"]
[SourceTitle "EXT 2016"]
[Source "ChessBase"]
[SourceDate "2015.10.08"]
[SourceVersion "1"]
[SourceVersionDate "2015.10.08"]
[SourceQuality "1"]

1. d4 d5 2. Bf4 c5 3. e3 Nc6 4. c3 Nf6 5. Bd3 g6 6. Nf3 Bg7 7. Nbd2 0-0 8. 0-0 Nh5 9. Bg5 Qc7 10. h3 f6 11. Bh4 e5 12. e4 Nf4 13. Bc2 dxe4 14. Bxe4 cxd4 15. cxd4 exd4 16. Bg3 g5 17. Rc1 Rd8 18. Bxf4 Qxf4 19. Qc2 h6 20. Bxc6 bxc6 21. Qxc6 Bf5 22. Qc5 Bd3 23. Rfe1 Qd6 24. Nb3 f5 25. Qxd6 Rxd6 26. Nc5 Bb5 27. Rcd1 d3 28. a4 Rc8 29. b4 Bc4 30. Nd2 Bf7 31. Re3 Bd4 32. Re7 a6 33. Nb7 Rb6 34. a5 Re6 35. Rxe6 Bxe6 36. Nf3 Bc3 37. Rxd3 Bxb4 38. Ne5 f4 39. Rd4 Bc5 40. Rd1 Bb3 41. Rb1 Bc2 42. Rc1 Ba3 43. Re1 Re8 44. Kf1 Bb4 45. Re2 Ba4 46. Nd3 Rxe2 47. Kxe2 Bb5 48. Nd8 Bxa5 49. Ne6 Bb6 50. Kd2 Bxd3 51. Kxd3 Kf7 52. Nd4 Bxd4 53. Kxd4 Ke6 0-1